00840nam a2200193 a 450000100100000000500170001000800410002704000250006808200160009310000400010924500750014926000890022430000180031350000550033104900090038695201140039595201200050999900170062900002941120200930055530.0110415s1975 dr 000 0 spa d aDO-SdBNPbspacBNPHU axxxxbH542c1 aHeredia P., César Meriño95629014aLas cooperativas de ahorro y crédito. /cCésar Meriño Heredia P. a[Santo Domingo] :binstituto de Desarrollo y Crédito Cooperativo (IDECOOP),c1975. a44 p.a23 cm. aEn la cubiert: lecciones básicas de cooperativas aBNPD 0010718PDaPDbPDcCTd2011-04-15iLF1l0oxxxx H542cp29411-10r2020-06-25w2020-06-25yLFPDZNo se presta 0010718PDaPDbPDcCTd2011-05-09iLF1l0oxxxx H542cp29411-20r2020-06-25te. 2w2020-06-25yLFPDZNo se presta c28903d28903